Statistiques concernant Types de choses #2

Cliquez ici pour prendre le quiz!

Statistiques générales

  • Ce quiz a été pris 16 144 fois
  • Le résultat moyen est 13 sur 20

Statistiques - réponses

Ceci sont des types de......cela% Correct
Incisive, Molaire, CanineDent
98%
Rectangle, Equilatéral, IsocèleTriangle
97%
Fluorescente, à Incandescence, LEDLampe
93%
Latte, Long, RistrettoCafé
91%
Shih tzu, Cocker, Chow-chowChien
86%
Entier, Premier, RationnelNombre
85%
Arborio, Basmati, GluantRiz
84%
Sénatoriale, Municipale, LégislativeElection
82%
Orge, Blé, SeigleCéréale
80%
Noir, Pita, CompletPain
79%
Hollandais, VAE, Tout-terrainVélo
70%
Complète, Bouc, FavorisBarbe
64%
Epaté, Droit, AquilinNez
57%
Coulant, Plat, de ChaiseNœud
49%
Vivace, Grasse, LigneusePlante
43%
Ardennais, Appaloosa, PercheronCheval
38%
Uniforme, Brownien, AccéléréMouvement
25%
Vivace, Adagio, LargoTempo
23%
Rouge, Berbère, VolantTapis
20%
Obsidienne, Emeraude, AmbreGemme
11%

Distribution des résultats

Percentile par nombre de réponses

% des personnes avec chaque résultat

Votre développement - résultats

Vous n’avez pas pris ce quiz